A Text Book of Electrical Power (Record no. 6763)
[ view plain ]
| 000 -LEADER | |
|---|---|
| fixed length control field | 00385nam a2200157Ia 4500 |
| 008 - FIXED-LENGTH DATA ELEMENTS--GENERAL INFORMATION | |
| fixed length control field | 221030s9999 xx 000 0 und d |
| 020 ## - INTERNATIONAL STANDARD BOOK NUMBER | |
| ISBN | 8125903623 |
| 041 ## - LANGUAGE CODE | |
| Language code of text/sound track or separate title | |
| 082 ## - DEWEY DECIMAL CLASSIFICATION NUMBER | |
| Classification number | 105.23 |
| Item number | Ana |
| 100 ## - MAIN ENTRY--AUTHOR NAME | |
| Personal name | M. L. Anand |
| 245 #2 - TITLE STATEMENT | |
| Title | A Text Book of Electrical Power |
| Statement of responsibility, etc | by M. L. Anand |
| 260 ## - PUBLICATION, DISTRIBUTION, ETC. (IMPRINT) | |
| Name of publisher | Vikas Pub House. |
| Place of publication | New Delhi |
| Year of publication | 2000 |
| 300 ## - PHYSICAL DESCRIPTION | |
| Number of Pages | 208 |
| 650 ## - SUBJECT ADDED ENTRY--TOPICAL TERM | |
| Topical Term | EE |
| 942 ## - ADDED ENTRY ELEMENTS (KOHA) | |
| Koha item type | Books |
| Accession Number | Cost, normal purchase price | Full call number | Price effective from | Koha item type | Withdrawn / writtenoff status | Materials specified (bound volume or other part) | Damaged status | Not for loan | Permanent Location | Current Location | Shelving location | Date acquired | Lost/ Missing status | department |
|---|---|---|---|---|---|---|---|---|---|---|---|---|---|---|
| BE 2212 | 195.00 | 105.23 Ana | 10/30/2022 | Books | MIET Library, Jammu | MIET Library, Jammu | BL-Academic Block A, FL-1, CUP-34, SH-1, R-1 | 12/20/2000 | BE | |||||
| BE 2213 | 195.00 | 105.23 Ana | 10/30/2022 | Books | MIET Library, Jammu | MIET Library, Jammu | BL-Academic Block A, FL-1, CUP-34, SH-1, R-1 | 12/20/2000 | BE | |||||
| BE 2214 | 195.00 | 105.23 Ana | 10/30/2022 | Books | MIET Library, Jammu | MIET Library, Jammu | BL-Academic Block A, FL-1, CUP-34, SH-1, R-1 | 12/20/2000 | BE | |||||
| BE 2215 | 195.00 | 105.23 Ana | 10/30/2022 | Books | MIET Library, Jammu | MIET Library, Jammu | BL-Academic Block A, FL-1, CUP-34, SH-6, R-6 | 12/20/2000 | BE | |||||
| BE 2216 | 195.00 | 105.23 Ana | 10/30/2022 | Books | Not For Loan | MIET Library, Jammu | MIET Library, Jammu | BL-Second, FL-1, CUP-24, SH-1, R-1 | 12/20/2000 | BE |